000 01099cam a22003257a 4500
003 CHAP
005 20220817042412.0
008 971013s1985 r 00010 d
010 _a43585
011 _a44557
035 _a48695
040 _cCHAP
090 _aFolleto 9349
100 0 0 _aFuentes Yagüe, José Luis.
_943903
245 1 3 _aLa temperatura en el interior de los alojamientos ganaderos
260 _aMadrid :
_bMinisterio de Agricultura, Pesca y Alimentación,
_c1985
300 _a16 p.
_b: ilus.
490 0 _aHojas divulgadoras
_v; 2/85
590 _aBATCH-UPD
_b10
_c20130110
_lUCH01
_h2230
590 _aBATCH-UPD
_b10
_c20130410
_lUCH01
_h1526
590 _aBATCH-UPD
_b10
_c20130914
_lUCH01
_h1505
590 _aCONVERSION
_b10
_c20130109
_lUCH01
_h1324
650 1 4 _aGanado
_xAlojamiento.
_944890
650 1 4 _aTemperatura
_xEfecto en animales domésticos.
_9112182
830 0 _aHojas divulgadoras
_v; 2/85
901 _aBK
942 _cFOLL
949 _aFolleto 9349
_bBC
_cFOLL
_d-110124
_eTS1
_i48695
_mD
_si
949 _aFolleto 9349
_bBC
_cFOLL
_d-110125
_eTS2
_fc.2
_i48695
_mD
_si
999 _c43585
_d43585